000 00593nam a2200205Ia 4500
005 20250923150057.0
008 008 250917s9999 xx 000 0 eng d
037 _aTextual
040 _aDSWL
_beng
_cDSWL
041 _aeng
_2eng
084 _aY:4353:5:1, N95
_qDSWL
100 _aBuchanan, Smith
_9841958
245 0 _afamine early warning and response
_c by SmithBuchanan
260 _aLondon
_bIntermediate Tecno. Publication
_c1995
300 _a228p.
365 _aINR
_b1062
925 _g1062
942 _cTEXL
_hY:4353:5:1, N95
999 _c1459288
_d1459288